Statistics for Top 10 Grand Slam Winners

Click here to take the quiz!

General Stats

  • This quiz has been taken 81 times
  • The average score is 7 of 10

Answer Stats

NationalityAustralian OpenFrench OpenWimbledonUS OpenPlayer% Correct
Spain11324Rafael Nadal
100%
Switzerland6185Roger Federer
100%
Serbia9263Novak Djokovic
97%
Sweden-65-Bjorn Borg
85%
USA2-75Pete Sampras
85%
Australia3242Rod Laver
75%
Czechia23-3Ivan Lendl
68%
Australia42-2Ken Rosewall
23%
Australia6222Roy Emerson
21%
USA--37Bill Tilden
11%

Score Distribution

Percentile by Number Answered

Percent of People with Each Score

Your Score History

You have not taken this quiz